000 00439nam a2200157 i 4500
001 41495
003 ES-MaACL
005 20230906160436.0
007 t|
008 030311s1920 uy ||||1| spa d
100 1 _aCaravilla Lemos, Enrique.
_934981
245 1 4 _aLas fuerzas eternas
_b: (verso) /
_cEnrique Caravilla Lemos.
260 _aMontevideo :
_bClaudio GarcĂ­a,
_c1920.
300 _a94 p. ;
_c19 cm.
852 _aES-MaACL
_jF-9501
999 _c41495
_d41495